000 00299cas a22001215i 4500
022 _a2226-969X
040 _cDLC
082 _a193 CBC 2015 A002 Or.
245 0 0 _aCambodian journal of natural history.
300 _avolumes ;
_c28 cm
710 2 _aCentre for Biodiversity Conservation,
942 _cEK
999 _c16227
_d16227